林丰美回忆录:我那战争的时代 (Record no. 322787)

000 -LEADER
fixed length control field 00397nam a22001577a 4500
020 ## - ISBN
ISBN 9786297575469
082 ## - 索书号 Call Number
分类号Classification number 783.86
作者号 Author number 7560
100 ## - 作者
作者 林丰美 著
245 ## - 书名 TITLE
书名Title 林丰美回忆录:我那战争的时代
250 ## - 版本 EDITION STATEMENT
版本叙述 Edition statement 初版;平装
260 ## - 出版项PUBLICATION, DISTRIBUTION, ETC. (IMPRINT)
出版地 Place of publication 雪兰莪
出版社 Name of publisher 策略资讯研究中心
出版日期 Date of publication 2025
300 ## - 稽核项 PHYSICAL DESCRIPTION
页数 Number of Pages 370页
尺寸 Dimensions 23公分
500 ## - 一般附注 GENERAL NOTE
附注 General note
700 ## - ADDED ENTRY--PERSONAL NAME
第二作者 / 译者 / 绘者 邱依虹 译
942 ## - ADDED ENTRY ELEMENTS (KOHA)
Koha item type Books
Holdings
Source of classification or shelving scheme Not for loan Permanent Location Current Location Shelving location Date acquired Source of acquisition Cost, normal purchase price Full call number Barcode Cost, replacement price Koha item type
    LIBRARY CHUNG HWA HIGH SCHOOL MUAR LIBRARY CHUNG HWA HIGH SCHOOL MUAR 7 世界史地(二楼 J~K) 2026-02-06 58.00 783.86 7560 050233 116.00 Books

Powered by Koha